Let's read about-- Pocahontas / (Record no. 5596)

MARC details
000 -LEADER
fixed length control field 01372cam a2200373 a 4500
001 - CONTROL NUMBER
control field 5596
003 - CONTROL NUMBER IDENTIFIER
control field FISKH
005 - DATE AND TIME OF LATEST TRANSACTION
control field 20241219143018.0
008 - FIXED-LENGTH DATA ELEMENTS--GENERAL INFORMATION
fixed length control field 040624s2003 nyua j 000 0beng d
010 ## - LIBRARY OF CONGRESS CONTROL NUMBER
LC control number 2004295216
020 ## - INTERNATIONAL STANDARD BOOK NUMBER
International Standard Book Number 0439561485 (pbk.)
020 ## - INTERNATIONAL STANDARD BOOK NUMBER
International Standard Book Number 078073003990
040 ## - CATALOGING SOURCE
Original cataloging agency DAJ
Transcribing agency DAJ
Modifying agency DLC
Language of cataloging eng
050 ## - LIBRARY OF CONGRESS CALL NUMBER
Classification number E99.P85
082 ## - DEWEY DECIMAL CLASSIFICATION NUMBER
Classification number 975.5
100 1# - MAIN ENTRY--PERSONAL NAME
Personal name Weinberger, Kimberly.
245 10 - TITLE STATEMENT
Title Let's read about-- Pocahontas /
Statement of responsibility, etc. by Kimberly Weinberger ; illustrated by Stephen Marchesi.
260 ## - PUBLICATION, DISTRIBUTION, ETC.
Place of publication, distribution, etc. New York :
Name of publisher, distributor, etc. Scholastic,
Date of publication, distribution, etc. 2003.
300 ## - PHYSICAL DESCRIPTION
Extent 30 unnumbered pages :
Other physical details color illustrations ;
Dimensions 23cm
440 #0 - SERIES STATEMENT/ADDED ENTRY--TITLE
Title Scholastic first biographies
500 ## - GENERAL NOTE
General note Cartwheel books.
505 ## - FORMATTED CONTENTS NOTE
Formatted contents note K<br/>
520 ## - SUMMARY, ETC.
Summary, etc. A biography of Pocahontas, the Powhatan Indian woman famous for rescuing John Smith, and who was herself kidnapped and taken to live at Jamestown, where she eventually married colonist John Rolfe.
521 8# - TARGET AUDIENCE NOTE
Target audience note 530<br/>
Source Lexile<br/>
521 8# - TARGET AUDIENCE NOTE
Target audience note K<br/>
Source Raz-Plus<br/>
600 00 - SUBJECT ADDED ENTRY--PERSONAL NAME
Personal name Pocahontas,
Dates associated with a name -1617
Form subdivision Juvenile literature.
650 #0 - SUBJECT ADDED ENTRY--TOPICAL TERM
Topical term or geographic name entry element Powhatan women
Form subdivision Biography
-- Juvenile literature.
650 #0 - SUBJECT ADDED ENTRY--TOPICAL TERM
Topical term or geographic name entry element Powhatan Indians
General subdivision Social life and customs
Form subdivision Juvenile literature.
650 #1 - SUBJECT ADDED ENTRY--TOPICAL TERM
Topical term or geographic name entry element Women
Form subdivision Biography.
700 1# - ADDED ENTRY--PERSONAL NAME
Personal name Marchesi, Stephen,
Relator term illustrator
906 ## - LOCAL DATA ELEMENT F, LDF (RLIN)
a 7
b cbc
c copycat
d 2
e ncip
f 20
g y-gencatlg
942 ## - ADDED ENTRY ELEMENTS (KOHA)
Source of classification or shelving scheme Dewey Decimal Classification
Koha item type Books
Suppress in OPAC No
Holdings
Withdrawn status Lost status Source of classification or shelving scheme Damaged status Not for loan Collection Home library Current library Shelving location Date acquired Total Checkouts Full call number Barcode Date last seen Price effective from Koha item type
    Dewey Decimal Classification     Non-Fiction Footprints International School Library Network Toul Kork Campus Footprints International School Library Network Toul Kork Campus TK Primary Library Room(4th Floor), Bookcase 3&4, Shelves 17-32, Yellow Books 12/19/2024   WEI 975.5 E99.P85 FISTK00689 12/19/2024 12/19/2024 Books